00767nam a2200169 a 450000100100000000500170001000800410002704000240006808200080009211000490010024501670014926001200031630000260043604900090046295201090047199900170058000002969620200930055734.0110425s1984 dr 000 s spa d aDO-SdBNPbspacBNPD axxx aGobierno de Concentración Nacional.95649210aDiscurso pronunciado por el ciudadano presidente, Dr. Salvador Jorge Blanco en la ciudad de Azua, con motivo de la conmemoración de la Batalla del 19 de Marzo/. aAzua, República Dominicana :bDirección General de Información, Publicidad y Prensa de la Presidencia,c1984. a9 p. :bil. ;c21 cm. aBNPD 00107-18PDaPDbPDcOId2011-04-25iLF1l0oxxx p29696-10r2020-06-25w2020-06-25yLFPDZNo se presta c29188d29188